Ant-Man And The Wasp (2018) Characters - Statistics

General Stats
  • This quiz has been taken 35 times
  • The average score is 6 of 8
Answer Stats
Hint Answer % Correct
Paul Rudd Ant-Man
100%
Evangeline Lilly The Wasp
100%
Michael Douglas Henry Pym
96%
Michelle Pfierrer Janet Van Dyne
93%
Himself Stan Lee
85%
Michael Pena Luis
74%
Laurence Fishburne Bill Foster
37%
Bobby Canavale Bill Paxton
0%
No matching quizzes found
Score Distribution
Percent of People with Each Score
Percentile by Number Answered
Your Score History
You have not taken this quiz